000 04191nam a22004695i 4500
005 20230718140333.0
006 m|||||o||d||||||||
007 cr || ||||||||
008 221201t20212022gw fo d z ger d
020 _a9783868599923
040 _aDE-B1597
_beng
_cDE-B1597
_erda
041 0 _ager
100 1 _aAutor*innen-Kollektiv INTERPART,
_eauthor.
_4aut
_4http://id.loc.gov/vocabulary/relators/aut
245 1 0 _aBeteiligung interkulturell gestalten :
_bEin Lesebuch zu partizipativer Stadtentwicklung /
_cAutor*innen-Kollektiv INTERPART.
264 1 _aBerlin :
_bJOVIS Verlag GmbH,
_c[2021]
264 4 _c©2022
300 _a1 online resource (279 p.) :
_b60
336 _atext
_btxt
_2rdacontent
337 _acomputer
_bc
_2rdamedia
338 _aonline resource
_bcr
_2rdacarrier
347 _atext file
_bPDF
_2rda
505 0 0 _tFrontmatter --
_tInhalt --
_tÜber dieses Buch - Leseanleitung --
_tDanksagung --
_tKapitel 1 INTERPART - Interkulturelle Räume der Partizipation. Eine Einführung --
_tKapitel 2 Die INTERPART-Reallabore --
_tKapitel 3 Beteiligung als Ko-Produktion von Wissen für die Stadtentwicklung --
_tKapitel 4 Interkulturelle Dialog-Räume für Beteiligung --
_tKapitel 5 Tabu-Thema Rassismus --
_tMethoden, Artefakte und Werkzeuge --
_tKapitel 6 Formate des Erzählens als Forschungs- und Beteiligungsmethode --
_tKapitel 7 Crossmediale Beteiligungsansätze für eine vielfältige Stadtgesellschaft --
_tKapitel 8 Institutionen im Wandel - Interkulturelle Öffnung von Planungsverwaltungen --
_tKapitel 9 Ein Plädoyer für den Reallabor-Ansatz im Kontext von Interkultur --
_tKapitel 10 Schlussfolgerungen - Was tun? --
_tGlossar --
_tLiteraturverzeichnis --
_tProjekt-Team --
_tAutor*innen-Kollektiv --
_tImpressum
506 0 _funrestricted online access
_2star
520 _aHow can urban planners and developers design intercultural spaces of participation? What is the role of analog and virtual narrative spaces, digital services, and online participation tools? And how can institutional change in planning departments be initiated? This reader reflects on the experiences of a three-year transdisciplinary research project that explored these questions in real-world laboratories in two German cities. It presents strategic considerations, design principles and tools from the project-encouraging reflection on prerequisites for intercultural dialog such as language, communication, networks, and process design.
520 _aWie lassen sich Beteiligungsangebote in Stadtplanung und Stadtentwicklung interkulturell gestalten? Welche Rolle können analoge und virtuelle Erzählräume, digitale Dienste und Online-Beteiligungstools dabei spielen? Und wie kann institutioneller Wandel in Planungsverwaltungen auf den Weg gebracht werden? Das Lesebuch reflektiert Erfahrungen aus einem dreijährigen Forschungsprojekt, das diesen Fragen in Reallaboren in zwei deutschen Städten nachgegangen ist. Es präsentiert strategische Überlegungen, Gestaltungsprinzipien und Tools aus dem Projekt und regt zum Nachdenken über Voraussetzungen für interkulturellen Dialog wie (An-)Sprache, Kommunikation, Netzwerke und Prozessgestaltung an.
538 _aMode of access: Internet via World Wide Web.
540 _aThis eBook is made available Open Access under a CC BY-NC-ND 4.0 license:
_uhttps://creativecommons.org/licenses/by-nc-nd/4.0
_uhttps://www.degruyter.com/dg/page/open-access-policy
546 _aIn German.
588 0 _aDescription based on online resource; title from PDF title page (publisher's Web site, viewed 01. Dez 2022)
650 0 _aCity planning
_zGermany.
650 0 _aCultural relations.
650 4 _aArchitektur.
650 4 _aPartizipation.
650 4 _aStadtentwicklung.
650 4 _aStadtplanung.
650 4 _aTeilhabe.
650 7 _aSOCIAL SCIENCE / Sociology / Urban.
_2bisacsh
856 4 0 _uhttps://doi.org/10.1515/9783868599923
_zOpen Access
_70
856 4 0 _uhttps://www.degruyter.com/isbn/9783868599923
_zOpen Access
_70
856 4 2 _3Cover
_uhttps://www.degruyter.com/document/cover/isbn/9783868599923/original
942 _cE-BOOK
999 _c70630
_d70629